| 000 | 00361nam a2200157Ia 4500 | ||
|---|---|---|---|
| 008 | 230711s9999||||xx |||||||||||||| ||und|| | ||
| 041 | _aENG | ||
| 082 |
_a624 _bIC-C |
||
| 100 | _aICE | ||
| 245 | 0 | _aCompaction technology | |
| 250 | _a1st | ||
| 260 |
_c1988 _aNew York _bLongman Group Publication |
||
| 300 | _a163 | ||
| 650 | _aGENERAL ENGINEERING | ||
| 942 | _cBK | ||
| 999 |
_c792 _d792 |
||